000 00722nam a22002057a 4500
005 20251022123809.0
010 _aENG-146975
020 _c1380.00
_a9788198885777
035 _aEN-130507
037 _bDBAD
082 _a958.10460922
245 _aFrom Taliban to Taliban: Contextualising Nationhood in Afghanistan/
_cEdited By Niranjan Marjani [and] Shekhar B. Ashtikar
250 _a1
260 _aNew Delhi
_bKW Publishers Pvt Ltd
_c2025
270 _bNew Delhi
_aKW Publishers Pvt Ltd;
_e110002
_k91 1143528107
_k91 1143528107
300 _a219p.
_c24cm(hb)
700 _aNiranjan Marjani
_eEditor
_985520
700 _aShekhar B. Ashtikar
_eEditor
_985521
942 _2ddc
_cEN
_h958.10460922
_mFRO
999 _c213661
_d213661